Fumette et Drogue A-Z - Statistiques

Statistiques générales
  • Ce quiz a été pris 648 fois
  • Le résultat moyen est 14 sur 54
Statistiques - réponses
Définition Réponse % Correct
Pas cancérigène, mais elle provoque la dépendance Nicotine
79%
Présent sur nos routes, dans la clope, il est très cancérigène Goudron
67%
On fume la tête en 4 lettres Beuh
61%
Pâte collante de couleur marron, ayant un aspect terreux Shit
61%
Synonyme de bédo, pétard Joint
59%
Il est très présent dans la clope, et aussi dans le briquet Gaz
54%
On peut la brouter, la tondre, la manger, la fume, ou servir d'assaisonnement Herbe
53%
On l'insère a l'extrémité de la cigarette Filtre
50%
Séchée, slim ... Feuille
47%
Pâtisserie inspirant détente et sédation Space-Cake
47%
Cannabidiol abrégé CBD
45%
Officiellement connu pour être le mois sans tabac Novembre
44%
Harley Quinn et Catwoman par exemple Héroïne
43%
Abréger du Tétrahydrocannabinol perturbant le consommateur THC
43%
Taïro va en fumer de la bonne Weed
42%
Petit comprimé faisant "tripper" pendant au moins 12h LSD
41%
Marque de cigarettes, Visible il y a peu en F1 chez Ferrari Marlboro
39%
D'après la chanson, elle contient elle aussi du bon tabac Tabatière
34%
Symbole Zn en chimie et présent dans la cigarette Zinc
32%
Le genre de fête musicale, favorisant la consommation Rave Party
31%
Les graines de pavot deviennent morphine, codéine et…. Opium
30%
Comprimé de toute les couleurs contenant de la MDMA Ecstasy
29%
Elle procure la sensation du plaisir Dopamine
28%
Poudre pouvant être fumée dans une cigarette Kétamine
24%
Autre nom pour désigner la cigarette électronique Vapoteuse
24%
La journée mondiale sans tabac tombe quel jour de mai 31
22%
Le gaz hilarant provient de l' _ _ _ _ _ d'azote Oxyde
21%
Grand disque de musique, ici présent en chlorure Vinyle
21%
Consommateur de drogues dures Junkie
20%
Métal lourd présent dans les e-liquides Plomb
20%
Morceaux ou blocs solides de couleur foncée du cannabis Résine
18%
Gaz dont le nom se rapproche de la 7eme planète de notre système solaire Uranium
18%
Le nom de cette marque est le nom de son fondateur Philip Morris
16%
Le poison le plus violent dans la cigarette Arsenic
15%
Premier pays mondial et européen a interdire le tabac dans les lieux publics Irlande
15%
Cette cigarette peut être agrémenté de goût Electronique
13%
Marque de cigarettes, ancien sponsor de Honda en F1 Lucky Strike
13%
Endroit à l'intérieur d'une ville où le trafic est dense Quartier
12%
Artiste musical ayant créer Tarte à la myrtille (photo du quiz). Le ? Wanski
11%
Au Canada, la teneur en nicotine des cigarettes a augmenté de combien de % depuis 1968 53
9%
Détergent de vaisselle, permettant au tabac d'être consumé Ammoniac
6%
Cette choses se manifeste par des plaques et des démangeaisons si cancer Urticaire
6%
Ce chocolat peut donner l'impression d'être défoncé chez certaines personnes Cacao
5%
Numéro atomique 54, utilisé comme anesthésiant puis produit dopant Xénon
5%
On chauffe la maison grâce à lui Butane
4%
Le Polonium 210 de Marie Curie en comptes 33 Isotopes
4%
Nom de la drogue du zombie, ayant pour effets secondaires des tics moteurs de morts-vivants Xylazine
4%
Amphétamines du Yémen rendant la langue verte Khat
3%
Alcaloïde psychotrope aux propriétés psychédéliques, drogues hallucinogènes Mescaline
3%
Marque de feuille a rouler 100% française Yeuf
3%
Ingrédient cancérigène utilisé contre les moustiques DDT
2%
Plante à extrait sédatif utilisé en médecine Quinine
2%
Breuvage hallucinogène à base de lianes utilisé par les tribus indiennes d'Amazonie Yagé
1%
Nom du chanvre indien Zamal
1%
Aucun quiz correspondant
Distribution des résultats
% des personnes avec chaque résultat
Percentile par nombre de réponses
Votre historique - résultats
Vous n’avez pas pris ce quiz